Roberto Mancini's Inter - Statistics

General Stats
  • This quiz has been taken 6 times
  • The average score is 37 of 122
Answer Stats
Rank Player Position Nationality Matches Goals Assists % Correct
7 Adriano Centre-Forward 123 54 22
80%
42 César Left Midfield 36 3 3
80%
41 Cristian Chivu Centre-Back 36 0 6
80%
26 Cristiano Zanetti Defensive Midfield 58 0 2
80%
4 Dejan Stanković Central Midfield 161 19 35
80%
2 Esteban Cambiasso Defensive Midfield 164 21 11
80%
47 Geoffrey Kondogbia Defensive Midfield 30 1 1
80%
3 Iván Córdoba Centre-Back 162 11 3
80%
1 Javier Zanetti Right-Back 189 2 5
80%
8 Júlio César Goalkeeper 122 0 0
80%
9 Luís Figo Right Winger 114 10 31
80%
14 Maicon Right-Back 82 4 17
80%
5 Marco Materazzi Centre-Back 147 13 3
80%
49 Mateo Kovacic Central Midfield 29 3 3
80%
22 Mauro Icardi Centre-Forward 66 32 12
80%
23 Samir Handanovič Goalkeeper 65 0 0
80%
12 Walter Samuel Centre-Back 87 6 1
80%
18 Zlatan Ibrahimović Centre-Forward 70 37 18
80%
19 Álvaro Recoba Second Striker 70 13 12
60%
33 Fredy Guarín Central Midfield 45 6 7
60%
20 Hernán Crespo Centre-Forward 69 27 4
60%
39 Ivan Perišić Right Winger 37 9 6
60%
27 Juan Jesus Centre-Back 51 0 1
60%
15 Juan Sebastián Verón Central Midfield 74 4 11
60%
6 Julio Cruz Centre-Forward 139 61 15
60%
29 Marcelo Brozović Defensive Midfield 51 8 6
60%
70 Mario Balotelli Centre-Forward 15 7 3
60%
69 Nemanja Vidic‎ Centre-Back 15 1 0
60%
11 Obafemi Martins Centre-Forward 89 35 10
60%
28 Patrick Vieira Defensive Midfield 51 7 7
60%
25 Rodrigo Palacio Centre-Forward 59 15 8
60%
51 Stevan Jovetić Second Striker 28 7 4
60%
38 Yuto Nagatomo Left-Back 37 0 0
60%
43 Christian Vieri Centre-Forward 36 17 2
40%
32 Danilo D'Ambrosio Centre-Back 47 2 4
40%
53 Davide Santon Left-Back 27 0 2
40%
36 David Pizarro Central Midfield 40 3 2
40%
40 David Suazo Centre-Forward 37 8 3
40%
73 Dodô Left-Back 14 0 1
40%
71 Éder Centre-Forward 15 1 1
40%
54 Emre Belözoğlu Central Midfield 27 1 2
40%
45 Fabio Grosso Left-Back 35 3 1
40%
13 Francesco Toldo Goalkeeper 84 0 0
40%
24 Gary Medel Centre-Back 65 1 6
40%
65 Georgios Karagounis Central Midfield 20 0 2
40%
35 Kily González Left Midfield 43 0 2
40%
67 Lukas Podolski Centre-Forward 18 1 4
40%
57 Mariano González Right Winger 24 1 3
40%
16 Maxwell Left-Back 72 1 3
40%
10 Nicolás Burdisso Centre-Back 110 7 5
40%
17 Santiago Solari Left Midfield 71 7 5
40%
64 Xherdan Shaqiri Attacking Midfield 20 3 2
40%
52 Adem Ljajić Attacking Midfield 28 4 3
20%
60 Alex Telles Left-Back 22 0 1
20%
37 Andrea Ranocchia Centre-Back 39 2 0
20%
48 Andy van der Meyde Right Winger 29 1 3
20%
80 Daniel Osvaldo Centre-Forward 7 2 0
20%
59 Edgar Davids Central Midfield 23 0 1
20%
77 Fabián Carini Goalkeeper 9 0 0
20%
106 Federico Dimarco Left-Back 2 0 0
20%
50 Felipe Melo Defensive Midfield 28 1 1
20%
116 Filippo Mancini Right Winger 1 0 0
20%
21 Giuseppe Favalli Left-Back 68 0 4
20%
58 Hernanes Attacking Midfield 23 3 5
20%
72 Hugo Campagnaro Centre-Back 14 0 0
20%
44 Jeison Murillo Centre-Back 35 2 1
20%
78 Joel Obi Central Midfield 8 1 0
20%
56 Jonathan Biabiany Right Winger 25 1 2
20%
74 Juan Pablo Carrizo Goalkeeper 12 0 0
20%
98 Lampros Choutos Centre-Forward 3 0 0
20%
61 Luis Jiménez Attacking Midfield 22 4 3
20%
63 Marco Andreolli Centre-Back 20 1 0
20%
46 Miranda Centre-Back 34 1 2
20%
66 Nelson Rivas Centre-Back 19 0 0
20%
30 Olivier Dacourt Defensive Midfield 50 0 1
20%
62 Pelé Central Midfield 22 2 1
20%
55 Pierre Womé Left-Back 26 0 1
20%
100 Rene Krhin Defensive Midfield 2 0 0
20%
34 Siniša Mihajlović Centre-Back 43 6 11
20%
68 Zdravko Kuzmanovic Central Midfield 16 1 2
20%
31 Zé Maria Right-Back 49 1 8
20%
117 Aiman Napoli Centre-Forward 1 0 0
0%
76 Alberto Fontana Goalkeeper 9 0 0
0%
79 Assane Demoya Gnoukouri Central Midfield 8 0 0
0%
103 Attila Filkor Central Midfield 2 0 0
0%
86 Carlos Gamarra Centre-Back 6 0 0
0%
95 Daniel Maa Boumsong Defensive Midfield 3 0 1
0%
97 Dino Marino Central Midfield 3 0 0
0%
113 Domenico Germinale Centre-Forward 1 0 0
0%
107 Enrico Alfonso Goalkeeper 1 0 0
0%
119 Enrico Baldini Left Winger 1 0 0
0%
121 Fabio Della Giovanna Centre-Back 1 0 0
0%
109 Fabrizio Biava Centre-Back 1 0 0
0%
89 Federico Bonazzoli Centre-Forward 5 0 0
0%
91 Felipe Centre-Back 4 0 0
0%
85 Francesco Bolzoni Defensive Midfield 6 0 0
0%
82 Francesco Coco Left-Back 6 0 0
0%
104 Gabriele Puccio Central Midfield 2 0 0
0%
120 Gaston Camara Right Winger 1 0 0
0%
81 George Pușcaș Centre-Forward 7 0 0
0%
83 Giovanni Pasquale Left Midfield 6 0 0
0%
101 Goran Slavkovski Centre-Forward 2 0 0
0%
108 Ibrahima Mbaye Right-Back 1 0 0
0%
84 Ibrahim Maaroufi Defensive Midfield 6 0 0
0%
112 Ilario Aloe Right Winger 1 0 0
0%
122 Ionuț Radu Goalkeeper 1 0 0
0%
94 Isaac Donkor Centre-Back 3 0 0
0%
99 Ivan Fatic Centre-Back 2 0 0
0%
93 Leonardo Bonucci Centre-Back 4 0 0
0%
105 Luca Siligardi Right Winger 2 0 0
0%
75 Maniche Central Midfield 11 1 1
0%
118 Marco Filippini Defender 1 0 0
0%
90 Martín Montoya Right-Back 4 0 0
0%
96 Matteo Momentè Centre-Forward 3 0 0
0%
110 Paolo Dellafiore Centre-Back 1 0 0
0%
92 Paolo Orlandoni Goalkeeper 4 0 0
0%
87 Rey Manaj Centre-Forward 6 0 0
0%
111 Riccardo Meggiorini Centre-Forward 1 0 0
0%
115 Sebastián Ribas Centre-Forward 1 0 0
0%
102 Simone Fautario Left-Back 2 0 0
0%
114 Tijani Belaid Attacking Midfield 1 0 0
0%
88 Yann M'Vila Defensive Midfield 5 0 0
0%
No matching quizzes found
Score Distribution
Percent of People with Each Score
Percentile by Number Answered
Your Score History
You have not taken this quiz